000
00248nam a22001217a 4500
999
_c
155361
_d
155361
082
_a
_b
100
_a
Rameshan Nair S
245
_a
Gurupaurnami/
_c
by Rameshan Nair S.
260
_a
_b
_c
2012.
300
_a
243p.
650
_a
942
_c
BK